Vectores y tensores con sus aplicaciones

Gespeichert in:
Bibliographische Detailangaben
1. Verfasser: Santaló, Luis A (VerfasserIn)
Format: Buch
Sprache:Spanisch
Veröffentlicht: Buenos Aires Eudeba 1969
Ausgabe:7a. ed
Schriftenreihe:Manuales de Eudeba Matemática
Schlagworte:
Tags: Tag hinzufügen
Keine Tags, Fügen Sie den ersten Tag hinzu!

MARC

LEADER 00000nam a2200000 a 4500
001 UCH2265
003 CL-VaPUC
008 090604e19690800AG |||||||||||||||||spa|d
082 0 4 |a 515.63  |b SAN  |2 21 
100 0 |a Santaló, Luis A  |e author  |9 536974 
245 1 0 |a Vectores y tensores con sus aplicaciones 
250 |a 7a. ed 
300 |a 381 p 
942 |c BK 
945 |d 20090604 00:00:00  |a dcastane 
260 |a Buenos Aires  |b Eudeba  |c 1969 
650 0 |a Vectores  |9 317184 
650 0 |a Análisis vectorial   |9 260451 
650 0 |a Álgebra  |9 259567 
650 0 |a Álgebra vectorial   |9 269971 
583 |a last modification  |c 20090604 00:00:00  |k Rodrigo Vera 
490 0 |a Manuales de Eudeba Matemática 
999 |c 334050  |d 334048 
952 |0 0  |1 0  |4 0  |6 515_630000000000000_SAN_1969  |7 0  |8 A  |9 422841  |a BIBCUR  |b BIBCUR  |d 2019-11-22  |i 4543092  |o 515.63 SAN 1969  |p 4543092  |r 2025-04-22  |w 2019-11-22  |y BK  |k FIS